000 00427nam a2200145Ia 4500
041 _aArabic
082 _a260.8 cut-752 ن
100 _a20260118u\\\\\\\\\\\y0engy0103\\\\ba
100 _aخالد النقشبندي
245 0 _aاجازات مولانا خالد النقشبندي العلمية والتصوفية
250 _aط1
260 _bمطبعة اراس
_aاربيل
_c2009
300 _a264
942 _cBk
999 _c190220
_d190220